书目信息 |
| 题名: |
混凝土结构设计原理
|
|
| 作者: | 赵顺波 主编 | |
| 分册: | ||
| 出版信息: | 上海 同济大学出版社 2004.8 |
|
| 页数: | 322页 | |
| 开本: | 24cm | |
| 丛书名: | 百校土木工程专业通用教材 | |
| 单 册: | ||
| 中图分类: | TU370.4 | |
| 科图分类: | ||
| 主题词: | 混凝土结构--结构设计--高等学校--教材 , 混凝土结构 , 结构设计 | |
| 电子资源: | ||
| ISBN: | 7-5608-2877-9 | |
| 000 | 00787nam2 2200265 45 | |
| 001 | 012004000000 | |
| 005 | 20050106101328.97 | |
| 010 | @a7-5608-2877-9@dCNY 25.00 | |
| 100 | @a20040920d2004 em y0chiy0121 ea | |
| 101 | 0 | @achi |
| 102 | @aCN@b310000 | |
| 105 | @aak z 000yy | |
| 200 | 1 | @a混凝土结构设计原理@Ahun ning tu jie gou she ji yuan li@f赵顺波主编 |
| 210 | @a上海@c同济大学出版社@d2004.8 | |
| 215 | @a322页@c图, 表格@d24cm | |
| 225 | 2 | @a百校土木工程专业通用教材 |
| 320 | @a本书含参考文献 | |
| 410 | 0 | @12001 @a百校土木工程专业通用教材 |
| 606 | 0 | @a混凝土结构@x结构设计@x高等学校@j教材 |
| 606 | 0 | @a混凝土结构 |
| 606 | 0 | @a结构设计 |
| 690 | @aTU370.4@v4 | |
| 701 | 0 | @a赵顺波@Azhao shun bo@4主编 |
| 801 | 0 | @aCN@bQSSKlw@c20050106 |
| 905 | @a10447@dTU370.4@eZ320 | |
| 混凝土结构设计原理/赵顺波主编.-上海:同济大学出版社,2004.8 |
| 322页:图, 表格;24cm.-(百校土木工程专业通用教材) |
| ISBN 7-5608-2877-9:CNY 25.00 |
| ● |
| 相关链接 |
|
|
|
正题名:混凝土结构设计原理
索取号:TU370.4/Z320
 
预约/预借
| 序号 | 登录号 | 条形码 | 馆藏地/架位号 | 状态 | 备注 |
| 1 | 434752 | 204347527 | 建筑库101/101建筑库 87排2列5层/ [索取号:TU370.4/Z320] | 在馆 | |
| 2 | 434753 | 204347536 | 建筑库101/101建筑库 87排2列5层/ [索取号:TU370.4/Z320] | 在馆 | |
| 3 | 434754 | 204347545 | 建筑库101/ [索取号:TU370.4/Z320] | 在馆 |